00486nam a2200169 a 450000100060000000300090000600800410001502000150005604000280007108200160009910000260011524500460014126000520018730000110023949000420025065000240029219804CO-ViMGA141112s2004 ck r 000 u spa d a9968380822 aCO-ViMGAbspacCO-ViMGA04a345.2 C175e1 aCarnelutti, Francesco10aCuestiones sobre el proceso penal. Vol. 2 aMexico : bEd. Jurídica Universitaria, c2001 a265 p. aClásicos del derecho procesal penal14aPROCEDIMIENTO PENAL